[Event "Ibiza Eivissa op 8th"]
[Site "Eivissa"]
[Date "2019.07.13"]
[Round "2"]
[White "Moya Diaz, Raul"]
[Black "Reina Sorribas, Adrian"]
[Result "0-1"]
[WhiteElo "1718"]
[BlackElo "1278"]
[PlyCount "36"]
[EventDate "2019.07.07"]
[EventType "swiss"]
[EventRounds "7"]
[EventCountry "ESP"]
[SourceTitle "EXT 2020"]
[Source "ChessBase"]
[SourceDate "2019.10.17"]
[SourceVersion "1"]
[SourceVersionDate "2019.10.17"]
[SourceQuality "1"]

1. d4 d5 2. c4 e6 3. Nc3 Nf6 4. cxd5 exd5 5. Bg5 Be7 6. e3 0-0 7. Bd3 c5 8. dxc5 Bxc5 9. Nf3 Nc6 10. 0-0 h6 11. Bxf6 Qxf6 12. h3 Be6 13. Nxd5 Bxd5 14. Bh7+ Kxh7 15. Qxd5 Qd6 16. Qh5 Bb6 17. Rad1 Qc5 18. Rd7 Qxh5 0-1

[Event "Ibiza Eivissa op 5th"]
[Site "Eivissa"]
[Date "2016.04.23"]
[Round "6"]
[White "Acero Guasch, Cayetano"]
[Black "Moya Diaz, Raul"]
[Result "1-0"]
[WhiteElo "1609"]
[BlackElo "1846"]
[PlyCount "34"]
[EventDate "2016.04.03"]
[EventType "swiss"]
[EventRounds "7"]
[EventCountry "ESP"]
[SourceTitle "EXT 2024"]
[Source "ChessBase"]
[SourceDate "2023.10.10"]
[SourceVersion "1"]
[SourceVersionDate "2023.10.10"]
[SourceQuality "1"]

1. e4 c5 2. Nf3 Nc6 3. d4 cxd4 4. Nxd4 Nf6 5. Nc3 g6 6. f4 d6 7. Bb5 Bd7 8. Bxc6 bxc6 9. e5 dxe5 10. fxe5 Nd5 11. Nxd5 cxd5 12. 0-0 Bg7 13. Qf3 0-0 14. Qxd5 e6 15. Qe4 Qb6 16. c3 Bc6 17. Qxc6 Qa5 1-0